Keď menej je viac

Pokračovanie článku z predchádzajúceho čísla o finačných službách a správaní spotrebiteľa. Jednotlivé typy sporiacich produktov a rôzna úroveň komplexnosti. Šírka ponuky a miera participácie.

Enregistré dans:
Détails bibliographiques
Auteur principal: Baláž, Vladimír
Format: Chapitre de livre
Langue:slovaque
Sujets:
Tags: Ajouter un tag
Pas de tags, Soyez le premier à ajouter un tag!

MARC

LEADER 00000naa a2200000 4500
001 0149484
005 20231019092451.2
041 0 |a slo 
044 |a SK 
245 1 0 |a Keď menej je viac  |c Vladimír Baláž 
520 |a Pokračovanie článku z predchádzajúceho čísla o finačných službách a správaní spotrebiteľa. Jednotlivé typy sporiacich produktov a rôzna úroveň komplexnosti. Šírka ponuky a miera participácie. 
610 2 0 |a trh finančný 
610 2 0 |a poradenstvo finančné 
610 2 0 |a poradcovia finanční 
610 2 0 |a rozhodovanie finančné 
610 2 0 |a rozhodovanie investičné 
610 2 0 |a služby finančné 
610 2 0 |a služby poradenské 
610 2 0 |a sporenie obyvateľstva 
100 1 |a Baláž, Vladimír